| 000 | 00843nam a2200289Ia 4500 | ||
|---|---|---|---|
| 001 | Z_5150 | ||
| 003 | CHAP | ||
| 008 | 220113s1985 xx 000 0 und d | ||
| 010 | _a168209 | ||
| 020 | _a968-24-1045-2 | ||
| 040 | _cCHAP | ||
| 082 | _a547 R5 | ||
| 100 |
_aRivas Ramos, Javier _997574 |
||
| 245 |
_aExperimentos de química parte 3 : fisicoquímica y análisis químico / _cpor Javier Rivas Ramos, Fidel Villaarreal González y Daniel Butruille |
||
| 250 | _a2a ed. | ||
| 260 |
_aMéxico, D. F. : _bTrillas, _c1985 |
||
| 300 | _a209 p. | ||
| 440 |
_aTemas básicos: área de química _9142481 |
||
| 650 |
_aFisicoquímica I. Villarreal González, Fidel II. Daniel Butruille _9142482 |
||
| 650 |
_aQuímica _993552 |
||
| 901 | _a547 R5 | ||
| 902 | _aM | ||
| 910 | _a1985 | ||
| 942 | _c1 | ||
| 942 | _cc1 | ||
| 999 |
_c168209 _d168209 |
||